=LDR 00000nam 2200000 4500 =001 INLIS000000000001540 =005 20130612085935 =008 ***********************************Ind** =035 ##$$0010-061300000001540 =041 ##$$a Ind =082 ##$$a 410.7 =090 ##$$a 410.7, Sur-m =100 ##$$a SURANA =245 ##$$a Materi pelajaran Bahasa Indonesia untuk SLTP berdasarkan kurikulum pendidikan dasar 1994 GBPP SLTP, Surana =260 ##$$a 1996 $b Solo =300 ##$$a ...jil, ilus, 28 cm =650 ##$$a Bahasa Indonesia =650 ##$$a Studi dan Pengajaran =850 ##$$a NBPNMAT